Video/Arcade Games by Characters/Characterstics - Statistics

General Stats
  • This quiz has been taken 57 times
  • The average score is 9 of 18
Answer Stats
CHARACTERS/CHARACTERISTICS VIDEO GAME % Correct
Bowser, Koopa Troopa Super Mario Brothers
100%
Blinky, Pinky, Inky, Clyde Pac-Man
94%
Ryu, Ken, Retsu, Geki, Joe, Mike, Lee Street Fighter
91%
Sonya Blade, Sub-Zero, Raiden, Liu Kang Mortal Kombat
89%
Dodongo, Octorok, Peahat The Legend of Zelda
64%
Pit, Palutena, Medusa, Commyloose Kid Icarus
60%
Chris Redfield, Jill Valentine, S.T.A.R.S. Resident Evil
60%
Falco Lombardi, Andross, General Pepper Star Fox
60%
Barrels, Hats, Parasols, Hammers Donkey Kong
57%
Aku Aku Mask, Wumpa Fruit Crash Bandicoot
55%
Whispy Woods, Paint Roller, Mr. Shine Kirby's Adventures
49%
Fighter, Thief, Black Belt, Red Mage Final Fantasy
38%
Quicksand, Fire, Rattlesnakes, Crocodiles Pitfall!
23%
Erdrick, Princess Gwaelin, King Lorik Dragon Quest
13%
Jacqueline Natla, Pierre Dupont, Qualopec Tomb Raider
11%
Pookas, Fygars, Pineapple Dig Dug
9%
I, J, L, O, S, T, Z Tetris
6%
Yorgle, Grundle, Rhindle Adventure
4%
No matching quizzes found
Score Distribution
Percent of People with Each Score
Percentile by Number Answered
Your Score History
You have not taken this quiz